Italia

Saved in:
Bibliografiske detaljer
Hovedforfatter: Nilo, Mario (autor)
Format: Bog
Sprog:italiensk
Udgivet: Novara Instituto Geográfico de Agostini 1987
Fag:
Tags: Tilføj Tag
Ingen Tags, Vær først til at tagge denne postø!

MARC

LEADER 00000nam a2200000 a 4500
001 UCW8853
003 CL-VaPUC
008 881102e19870000IT |||||||||||||||||ita|d
082 0 4 |a 914.5  |b NIL  |2 21 
100 |a Nilo, Mario  |e autor  |9 314096 
245 1 0 |a Italia 
300 |a 879 p 
942 |c BK 
945 |d 19881102 00:00:00 
260 |a Novara  |b Instituto Geográfico de Agostini  |c 1987 
650 0 |a Turismo  |9 308920 
650 0 |a Geografía  |9 259346 
651 0 |a Italia  |9 254949 
583 |a last modification  |c 19881102 00:00:00  |k Rodrigo Vera 
999 |c 221075  |d 221073